000 00465nam a2200169 i 4500
001 44992
003 ES-MaACL
005 20230906161131.0
007 t|
008 030324s1958 sp ||||1| spa d
100 1 _aClaudel, Pierre.
_939087
245 1 3 _aEl misterio de Lourdes /
_cPierre Claudel.
250 _a[1ª ed.].
260 _aBarcelona :
_bJuventud,
_c[1958] (
_fAtenas)
300 _a283 p., 72 lám. ;
_c22 cm.
852 _aES-MaACL
_jC-16049
_bR.43529
999 _c44992
_d44992